Mourning becomes the law : philosophy and representation
Saved in:
| Main Author: | |
|---|---|
| Format: | Book |
| Language: | English |
| Published: |
Cambridge : New York :
Cambridge University Press,
1996
|
| Subjects: | |
| Tags: |
Add Tag
No Tags, Be the first to tag this record!
|
MARC
| LEADER | 00000nam a2200000 i 4500 | ||
|---|---|---|---|
| 001 | 1/6680 | ||
| 008 | 000616s1996 eng d | ||
| 020 | |a 0521578493 ((pbk)) | ||
| 020 | |a 052157045X | ||
| 035 | |l 10062017 | ||
| 040 | |a GR-MY-UA |b gre |e aacr | ||
| 041 | 0 | |a eng | |
| 082 | 0 | |a 192 | |
| 100 | 1 | |a Rose, Gillian. | |
| 245 | 1 | 0 | |a Mourning becomes the law : |b philosophy and representation / |c Gillian Rose |
| 260 | |a Cambridge : |a New York : |b Cambridge University Press, |c 1996 | ||
| 300 | |a 163 p. |b ill. | ||
| 504 | |a Includes bibliographical references and index | ||
| 650 | 0 | 0 | |a Postmodernism. |
| 650 | 0 | 0 | |a Reason. |
| 650 | 0 | 0 | |a Representation (Philosophy) |
| 852 | |a INST |b LESVOS |e 20000616 |h 192 ROS |p 005100023782 |q 005100023782 |t BK |y 0 | ||
| 909 | |a Λ |b 069527 | ||
| 920 | |a ΤMHMA ΚΟINΩΝΙΚΗΣ ΑΝΘΡΩΠΟΛΟΓΙΑΣ |y ΛΕΣΒΟΣ |z 1999-10 | ||
| 970 | |z 2000/06/ΟΙΚΟΝΟΜΟΠΟΥΛΟΥ ΧΡΙΣΤΙΝΑ | ||